| 000 | 00472nam a22001817a 4500 | ||
|---|---|---|---|
| 005 | 20210426083746.0 | ||
| 008 | 210211s1941 ||||| |||| 00| 0 eng d | ||
| 040 |
_aeng _cDLC |
||
| 041 |
_aeng _hger |
||
| 080 |
_a32 _bH-70 |
||
| 100 |
_9823 _aHitler, Adolf |
||
| 245 |
_aMein Kampf _c/ by: Reynal and Hitchcock |
||
| 260 |
_aNew York _bReynal and Hitchcock _c1941 |
||
| 300 | _a1003 p. | ||
| 650 | 0 |
_9443 _aPolitics |
|
| 653 | _aპოლიტიკა | ||
| 942 |
_2udc _cBK |
||
| 999 |
_c1324 _d1324 |
||